| 000 | 00797nam a2200241 i 4500 | ||
|---|---|---|---|
| 001 | 187656 | ||
| 003 | ES-MaACL | ||
| 005 | 20231215130232.0 | ||
| 008 | 171215s2003 sp |||| | spa d | ||
| 020 | _a84-96028-05-4 | ||
| 080 | _a316.62-053.81 | ||
| 100 | 0 |
_aCanteras Murillo, Andrés. _934644 |
|
| 245 | 1 | 0 |
_aSentido, valores y creencias en los jóvenes / _cAndrés Canteras Murillo. |
| 250 | _a1ª ed. | ||
| 260 |
_aMadrid : _bInstituto de la Juventud, _c2003. |
||
| 300 |
_a277 p. : _bgráf. ; _c24 cm. |
||
| 504 | _aBibliografía: p. 229-234. | ||
| 650 | 4 |
_aJóvenes- _xConducta social. _913947 |
|
| 710 | 1 |
_aInstituto de la Juventud (España) _94979 |
|
| 852 |
_aES-MaACL _jA-14154 _9194744 _bR.151411 _cDEPO1 _dOlim: N-7154 |
||
| 942 |
_2udc _cMONOGRAFIA |
||
| 999 |
_c187656 _d187656 |
||